000 00714nam a2200217 a 4500
001 44369
003 BD-RjUL
005 20211209053838.0
008 160717s1957 i ||||| |||| 00| f ben d
035 _a(BD-RjUL)44487
040 _aBD-RjUL
_bben
_cBD-RjUL
041 _aben
082 _223
_a891.443
_bDEC 1957
100 _aদেবী, অনুরূপা
_9136174
245 1 0 _aচক্র /
_cঅনুরূপা দেবী
260 _aকলিকাতা :
_bমিত্র ও ঘোষ,
_c১৯৫৭ (১৩৬৪)
300 _a২৭৪ পৃ. ;
_c১৬ সেমি.
650 _aবাংলা উপন্যাস
_9136175
650 _aBengali Fiction
_9136176
942 _2ddc
_cBK
999 _c44369
_d44369